| 000 | 00803cam a2200217 i 4500 | ||
|---|---|---|---|
| 005 | 20251223132412.0 | ||
| 008 | 250721s2005 jo gr 000 0 ara d | ||
| 020 | _a9957051202 | ||
| 082 | 1 | 4 |
_a218.51 _bج ر ا |
| 100 | 1 |
_aجرار، حسني _eمعد. |
|
| 245 | 1 | 0 |
_aمجموعة خطب مفتي جنين الشيخ توفيق محمود جرار في الجامع الكبير / _cجمع و اعداد حسني جرار، احمد الجدع. |
| 250 | _aالطبعة الاولى. | ||
| 264 | 3 | 1 |
_aعمان : _bدار ضياء للنشر والتوزيع، _c2005. |
| 300 | _a480 صفحة. | ||
| 650 | 1 | 7 | _aالوعظ والإرشاد. |
| 650 | 1 | 7 | _aالخطب. |
| 650 | 1 | 7 | _aالفقهاء. |
| 700 | 1 |
_aالجدع، احمد _eمعد. |
|
| 942 |
_2ddc _cBK |
||
| 999 |
_c96911 _d96911 |
||